[Event "XIV American Continental"]
[Site "Sao Paulo BRA"]
[Date "2019.07.07"]
[Round "4.45"]
[White "Sato, Leticia Miho"]
[Black "Labussiere, Victor"]
[Result "0-1"]
[WhiteElo "1693"]
[BlackElo "2194"]
[EventDate "2019.07.05"]
[PlyCount "128"]
[EventRounds "11"]
[EventCountry "BRA"]

1.d4 d5 2.Nf3 Nf6 3.Bf4 c5 4.e3 Nc6 5.c3 Qb6 6.Qb3 c4 7.Qxb6 axb6 8.Na3 
Bf5 9.Nb5 Kd7 10.Nh4 Bg6 11.Nxg6 hxg6 12.Bc7 Ra6 13.Be2 e6 14.O-O Ne8 15.
Bg3 Ra5 16.a4 Nd6 17.Nxd6 Bxd6 18.Bxd6 Kxd6 19.e4 Rha8 20.b3 cxb3 21.exd5 
exd5 22.Rab1 Rxa4 23.Rxb3 Ra3 24.Rxb6 Rxc3 25.Bf3 Rc4 26.Rxb7 Ra7 27.Rb6 
Rb4 28.Rxb4 Nxb4 29.h3 Nc2 30.Rd1 Ra4 31.Rb1 Nxd4 32.Bd1 Ra7 33.Kf1 Re7 
34.Rb8 Ne6 35.Bf3 g5 36.Rb5 Nc7 37.Rb8 f6 38.Rd8+ Kc6 39.Bd1 Ne6 40.Ra8 
Kb7 41.Ra5 Nc7 42.Rc5 Kb6 43.Rc2 Nb5 44.Rc8 Nc7 45.Rd8 Kc5 46.Be2 Kd4 47.
Ke1 Kc3 48.Kd1 d4 49.Rd6 Re6 50.Rd7 Ne8 51.Bg4 Ra6 52.Bh5 Nd6 53.Rc7+ Nc4 
54.Bg6 d3 55.Bxd3 Kxd3 56.Rd7+ Nd6 57.Kc1 Ke2 58.f4 gxf4 59.Rxg7 Ne4 60.
Rg4 Ke3 61.Rg8 Ng3 62.h4 f5 63.Rb8 Ra1+ 64.Kc2 Ra2+ 0-1

[Event "XIV American Continental"]
[Site "Sao Paulo BRA"]
[Date "2019.07.07"]
[Round "4.46"]
[White "Gonzalez, Bolivar Ribeiro"]
[Black "Passos, Rafael Moreira"]
[Result "1/2-1/2"]
[WhiteElo "2193"]
[BlackElo "1808"]
[EventDate "2019.07.05"]
[PlyCount "134"]
[EventRounds "11"]
[EventCountry "BRA"]

1.e4 c5 2.Nf3 e6 3.d4 cxd4 4.Nxd4 Nc6 5.Nc3 Qc7 6.Be3 a6 7.f4 b5 8.a3 Bb7 
9.Be2 d6 10.Bf3 Nf6 11.Qe2 Be7 12.g4 Na5 13.g5 Nd7 14.Nb3 Nc4 15.Bc1 Nc5 
16.Nd2 Nd7 17.Nxc4 Qxc4 18.Qxc4 bxc4 19.Be3 f5 20.O-O-O fxe4 21.Bg4 Nf8 
22.f5 d5 23.fxe6 Rd8 24.h4 Ng6 25.Bb6 Rb8 26.Bc7 Rc8 27.Bb6 Rb8 28.Bc7 Rc8
29.Bg3 Rd8 30.Ne2 O-O 31.Kb1 Bd6 32.h5 Ne7 33.Bxd6 Rxd6 34.Nd4 Rdd8 35.g6 
Rf4 36.Rdg1 Rdf8 37.Ka2 R4f6 38.Rg3 hxg6 39.hxg6 Rxg6 40.Rgh3 Rh6 41.Rxh6 
gxh6 42.Bh5 Kh8 43.Bf7 Bc6 44.b4 Be8 45.Bxe8 Rxe8 46.a4 Rg8 47.Rh3 Kg7 48.
b5 axb5 49.axb5 Nc8 50.Ka3 Kf6 51.Rxh6+ Ke5 52.c3 e3 53.Kb4 Re8 54.Kc5 Ke4
55.Rh5 Kd3 56.Rxd5 Kxc3 57.Ne2+ Kc2 58.b6 Nxb6 59.Re5 Kd2 60.Nd4 Nd7+ 61.
exd7 Rxe5+ 62.Kd6 Re4 63.Nf3+ Ke2 64.d8=Q Kxf3 65.Qf8+ Rf4 66.Qa8+ Kf2 67.
Qa2+ Kf3 1/2-1/2

[Event "XIV American Continental"]
[Site "Sao Paulo BRA"]
[Date "2019.07.07"]
[Round "4.47"]
[White "Pereira, Geanfrancesco"]
[Black "Barria Zuniga, Daniel"]
[Result "0-1"]
[WhiteElo "2068"]
[BlackElo "2379"]
[EventDate "2019.07.05"]
[PlyCount "66"]
[EventRounds "11"]
[EventCountry "BRA"]

1.c4 g6 2.Nc3 Bg7 3.g3 e5 4.Bg2 Ne7 5.d3 c6 6.e4 d6 7.h4 h6 8.Be3 Be6 9.
Nge2 Nd7 10.Qd2 Nf6 11.Bh3 Bxh3 12.Rxh3 Qd7 13.Rh1 d5 14.Bc5 Rd8 15.O-O-O 
b6 16.Ba3 d4 17.Na4 Ng4 18.Rdf1 f5 19.Kb1 c5 20.b3 Qc6 21.exf5 gxf5 22.Nc1
O-O 23.Nb2 e4 24.Nd1 Ng6 25.Ne2 Rfe8 26.Nf4 e3 27.fxe3 dxe3 28.Qe2 Nxf4 
29.gxf4 Qd7 30.Kc2 b5 31.cxb5 Qxb5 32.Nb2 Qa5 33.Qe1 Qxa3 0-1

[Event "XIV American Continental"]
[Site "Sao Paulo BRA"]
[Date "2019.07.07"]
[Round "4.48"]
[White "Caceres, Diego"]
[Black "Cortes Orihuela, Javier"]
[Result "1-0"]
[WhiteElo "2087"]
[BlackElo "2267"]
[EventDate "2019.07.05"]
[PlyCount "61"]
[EventRounds "11"]
[EventCountry "BRA"]

1.d4 Nf6 2.c4 g6 3.Nc3 d5 4.cxd5 Nxd5 5.e4 Nxc3 6.bxc3 Bg7 7.Nf3 c5 8.Rb1 
O-O 9.Be2 b6 10.d5 Bxc3+ 11.Bd2 Bg7 12.O-O Qd6 13.Qc1 Ba6 14.Bxa6 Nxa6 15.
Bh6 Nc7 16.Bxg7 Kxg7 17.Qc3+ f6 18.Rfe1 Rad8 19.h4 e5 20.dxe6 Nxe6 21.e5 
fxe5 22.Rxe5 Nd4 23.Rbe1 Nxf3+ 24.gxf3 Qf6 25.h5 Rd4 26.Qe3 Qf4 27.Re7+ 
Rf7 28.h6+ Kg8 29.Re8+ Rf8 30.Qe6+ Kh8 31.Qe7 1-0

[Event "XIV American Continental"]
[Site "Sao Paulo BRA"]
[Date "2019.07.07"]
[Round "4.49"]
[White "Ermel, Francisco Roberto"]
[Black "Abdalla, Luiz Guilherme Aurelli"]
[Result "1-0"]
[WhiteElo "2064"]
[BlackElo "2245"]
[EventDate "2019.07.05"]
[PlyCount "61"]
[EventRounds "11"]
[EventCountry "BRA"]

1.e4 e6 2.d3 d5 3.Nd2 Nf6 4.Ngf3 c5 5.g3 Nc6 6.Bg2 Be7 7.O-O Qc7 8.Re1 b5 
9.Qe2 Bb7 10.c3 h6 11.Nf1 Qb6 12.h3 a5 13.g4 c4 14.dxc4 dxc4 15.a4 b4 16.
Be3 Bc5 17.Qxc4 Bxe3 18.Rxe3 Ba6 19.Qb3 Nd7 20.N1d2 Nc5 21.Qd1 O-O 22.Bf1 
f5 23.exf5 exf5 24.Nc4 Qc7 25.Qd5+ Kh8 26.Qxc5 fxg4 27.Nfe5 Rf6 28.hxg4 
Raf8 29.Ng6+ Rxg6 30.Qxf8+ Kh7 31.Bd3 1-0

[Event "XIV American Continental"]
[Site "Sao Paulo BRA"]
[Date "2019.07.07"]
[Round "4.50"]
[White "Donoso Diaz, Sebastian"]
[Black "Moreira, Ronaldo Alonso"]
[Result "1-0"]
[WhiteElo "2239"]
[BlackElo "2058"]
[EventDate "2019.07.05"]
[PlyCount "65"]
[EventRounds "11"]
[EventCountry "BRA"]

1.d4 d6 2.c4 e5 3.e3 c6 4.Nc3 Nd7 5.g3 Ngf6 6.Bg2 Be7 7.Nge2 O-O 8.O-O Re8
9.b3 Bf8 10.Bb2 a6 11.Qd2 Qc7 12.Rac1 b6 13.h3 Bb7 14.d5 c5 15.g4 g6 16.
Ng3 h6 17.f4 Nh7 18.Be4 Bg7 19.Kh2 Nhf8 20.Bb1 exf4 21.exf4 f6 22.Nce4 Re7
23.Rce1 Rae8 24.Re3 Bc8 25.Rfe1 b5 26.b4 f5 27.Bxg7 Kxg7 28.gxf5 gxf5 29.
Nh5+ Kg6 30.Rg3+ Kxh5 31.Qe2+ Kh4 32.Reg1 Nf6 33.Qf2 1-0

[Event "XIV American Continental"]
[Site "Sao Paulo BRA"]
[Date "2019.07.07"]
[Round "4.51"]
[White "Silva, Kaua Marques"]
[Black "Tsuboi, Edson Kenji"]
[Result "0-1"]
[WhiteElo "1965"]
[BlackElo "2233"]
[EventDate "2019.07.05"]
[PlyCount "160"]
[EventRounds "11"]
[EventCountry "BRA"]

1.e4 c5 2.Nf3 e6 3.d4 cxd4 4.Nxd4 Nc6 5.Be2 Nf6 6.Nc3 Qc7 7.O-O a6 8.Kh1 
Nxd4 9.Qxd4 Bc5 10.Qd3 b5 11.Bg5 Bb7 12.f4 b4 13.Bxf6 gxf6 14.Na4 Be7 15.
b3 Bc6 16.Nb2 Rg8 17.f5 Bd6 18.Nc4 Bxh2 19.fxe6 dxe6 20.Rxf6 Be5 21.Raf1 
Bxf6 22.Rxf6 Rd8 23.Qh3 Rg7 24.Bh5 Ke7 25.Qh4 Kf8 26.Qe1 Kg8 27.Qe3 Bb5 
28.Qf2 Bxc4 29.bxc4 Qe5 30.Qh4 Rd7 31.Rf1 Rg5 32.Be2 Rd4 33.Qf2 Rd7 34.Qh4
Kg7 35.Qf2 Rg6 36.Kg1 Rf6 37.Bf3 Qd4 38.Rb1 a5 39.Rb3 Qa1+ 40.Qf1 Qd4+ 41.
Qf2 Qxf2+ 42.Kxf2 Rd2+ 43.Ke3 Rxc2 44.Kd4 Rxa2 45.c5 Rc2 46.Rb1 e5+ 47.Kd5
Ra6 48.Bd1 Rd2+ 49.Kxe5 Rc6 50.Rc1 Rd3 51.Ba4 Re6+ 52.Kf4 Ra3 53.Bd7 Rc3 
54.Ra1 Rxc5 55.Bxe6 fxe6 56.Rb1 Rb5 57.Ke3 b3 58.Kd3 a4 59.Kc4 Rb8 60.Kc3 
Kf6 61.Kb2 Rb4 62.Re1 Ke5 63.Ka3 Rxe4 64.Rh1 Rc4 65.Rh5+ Kd4 66.Rxh7 Kd3 
67.Rh3+ Kd2 68.Rh2 Rg4 69.Rh6 e5 70.Rd6+ Kc2 71.Re6 e4 72.Rc6+ Kb1 73.Rh6 
b2 74.Rh1+ Kc2 75.Ka2 Rxg2 76.Rb1 a3 77.Re1 e3 78.Rh1 e2 79.Rc1+ bxc1=N+ 
80.Ka1 Kc3 0-1

[Event "XIV American Continental"]
[Site "Sao Paulo BRA"]
[Date "2019.07.07"]
[Round "4.52"]
[White "Cherniack, Alex"]
[Black "Portes Junior, Dirceu Atanazio"]
[Result "1-0"]
[WhiteElo "2231"]
[BlackElo "2019"]
[EventDate "2019.07.05"]
[PlyCount "93"]
[EventRounds "11"]
[EventCountry "BRA"]

1.d4 Nf6 2.c4 e6 3.Nc3 Bb4 4.Qc2 O-O 5.a3 Bxc3+ 6.Qxc3 Ne4 7.Qc2 f5 8.Nh3 
c5 9.f3 Nf6 10.dxc5 Na6 11.b4 b6 12.cxb6 axb6 13.Bb2 Bb7 14.e3 Rc8 15.Qb3 
Nh5 16.Be2 Qh4+ 17.Nf2 d5 18.Rc1 Qg5 19.O-O dxc4 20.Qc3 b5 21.Qe5 Nc7 22.
Rfd1 Qf6 23.Rd7 Rf7 24.Rxf7 Kxf7 25.a4 Nd5 26.axb5 Qxe5 27.Bxe5 Nxe3 28.
Bd6 Nf6 29.Bc5 Nfd5 30.Nd1 Nxd1 31.Bxd1 c3 32.Kf2 Ra8 33.Bb3 Ra3 34.Bc4 
Kf6 35.Bd4+ e5 36.Bxd5 exd4 37.Bxb7 Ra2+ 38.Kg3 Ra3 39.f4 d3 40.Bf3 d2 41.
Rc2 Rb3 42.b6 Rxb4 43.Rxc3 Rxb6 44.Rd3 Rb2 45.Be2 g5 46.Bd1 gxf4+ 47.Kxf4 
1-0

[Event "XIV American Continental"]
[Site "Sao Paulo BRA"]
[Date "2019.07.07"]
[Round "4.53"]
[White "Gazola, Vanessa Ramos"]
[Black "Carvalho Fattoruso, Guillermo"]
[Result "1/2-1/2"]
[WhiteElo "1954"]
[BlackElo "2162"]
[EventDate "2019.07.05"]
[PlyCount "62"]
[EventRounds "11"]
[EventCountry "BRA"]

1.d4 Nf6 2.c4 e6 3.Nf3 Bb4+ 4.Bd2 c5 5.Bxb4 cxb4 6.e3 O-O 7.Bd3 Nc6 8.O-O 
d6 9.Nbd2 e5 10.d5 Ne7 11.Qc2 Bg4 12.Nh4 Rc8 13.Qb1 Ng6 14.Nxg6 hxg6 15.b3
Re8 16.a3 Qb6 17.axb4 Qxb4 18.Ne4 Nxe4 19.Bxe4 a6 20.Qa2 Re7 21.Qa3 Qxa3 
22.Rxa3 Bf5 23.Bxf5 gxf5 24.Rc1 Rec7 25.Kf1 Rc5 26.Rca1 Kf8 27.Ke2 Ke7 28.
Ra5 R8c7 29.Rxc5 Rxc5 30.Kd3 a5 31.f4 e4+ 1/2-1/2

[Event "XIV American Continental"]
[Site "Sao Paulo BRA"]
[Date "2019.07.07"]
[Round "4.54"]
[White "Madeira, Wagner Martins"]
[Black "Sanches Casanova, Romario"]
[Result "1/2-1/2"]
[WhiteElo "2150"]
[BlackElo "2014"]
[EventDate "2019.07.05"]
[PlyCount "126"]
[EventRounds "11"]
[EventCountry "BRA"]

1.e4 c5 2.c3 Nf6 3.e5 Nd5 4.Nf3 e6 5.d4 cxd4 6.cxd4 d6 7.a3 Nc6 8.Bd3 Qc7 
9.O-O dxe5 10.dxe5 Nxe5 11.Nxe5 Qxe5 12.Bb5+ Bd7 13.Bxd7+ Kxd7 14.Qa4+ Kd8
15.Nc3 Bd6 16.g3 Nxc3 17.bxc3 b5 18.Qa6 Qc5 19.Be3 Qc7 20.Qxb5 Ke7 21.Qg5+
Kf8 22.Rfd1 h6 23.Qh5 g6 24.Bxh6+ Kg8 25.Qf3 Rc8 26.Be3 Rh5 27.Rd3 Bc5 28.
Rad1 Bxe3 29.Qxe3 Ra5 30.h4 Qc5 31.Qh6 Qf8 32.Qf4 Rf5 33.Qb4 Qc5 34.R1d2 
Rd5 35.Rxd5 exd5 36.Rd3 a5 37.Qg4 Qc4 38.Qxc4 Rxc4 39.Rxd5 Ra4 40.h5 gxh5 
41.Rxh5 Rxa3 42.Kg2 a4 43.Ra5 Rxc3 44.Rxa4 Rc2 45.g4 Kg7 46.Kg3 Rc3+ 47.f3
Rb3 48.Ra5 Kg6 49.Rf5 f6 50.Ra5 Rc3 51.Ra8 Rb3 52.Rg8+ Kf7 53.Rh8 Kg7 54.
Re8 Ra3 55.Kf4 Kg6 56.Re4 Rb3 57.Ra4 Rb1 58.Ra3 Rb4+ 59.Kg3 Rb1 60.f4 Rg1+
61.Kh4 Rh1+ 62.Rh3 Rg1 63.Rh2 f5 1/2-1/2

[Event "XIV American Continental"]
[Site "Sao Paulo BRA"]
[Date "2019.07.07"]
[Round "4.55"]
[White "Federzoni, Enzo"]
[Black "Bassani, Jaison Jose"]
[Result "1-0"]
[WhiteElo "2140"]
[BlackElo "1973"]
[EventDate "2019.07.05"]
[PlyCount "79"]
[EventRounds "11"]
[EventCountry "BRA"]

1.e4 c5 2.Nf3 a6 3.c4 Nc6 4.d4 cxd4 5.Nxd4 Nf6 6.Nc3 d6 7.Be2 g6 8.O-O Bg7
9.Be3 O-O 10.Nc2 Nd7 11.Qd2 Re8 12.Rac1 Nc5 13.f3 a5 14.b3 Be6 15.Rfd1 b6 
16.Nd5 Qb8 17.Na3 Qb7 18.Nb5 Rac8 19.Rc2 Red8 20.Rb1 f5 21.a3 fxe4 22.b4 
axb4 23.axb4 Nd3 24.fxe4 Nde5 25.Nxb6 Rb8 26.Nd5 Ng4 27.Bb6 Rf8 28.c5 Kh8 
29.h3 Nge5 30.Nbc7 Bg8 31.Ba6 Nd4 32.Bxb7 Ndf3+ 33.gxf3 Nxf3+ 34.Kg2 Nxd2 
35.Rxd2 Rxb7 36.c6 Rbb8 37.Bd4 e6 38.Bxg7+ Kxg7 39.Na6 exd5 40.Nxb8 1-0

[Event "XIV American Continental"]
[Site "Sao Paulo BRA"]
[Date "2019.07.07"]
[Round "4.56"]
[White "Do Valle Cardoso, Lucas"]
[Black "Medrano, Mario"]
[Result "1-0"]
[WhiteElo "2132"]
[BlackElo "1960"]
[EventDate "2019.07.05"]
[PlyCount "39"]
[EventRounds "11"]
[EventCountry "BRA"]

1.e4 e6 2.d4 d5 3.Nc3 dxe4 4.Nxe4 Bd7 5.Nf3 Bc6 6.Bd3 Nd7 7.Qe2 Ngf6 8.
Nxf6+ Qxf6 9.Bg5 Bxf3 10.Qe3 Bxg2 11.Bxf6 Bxh1 12.Bh4 Bc6 13.c4 Nb6 14.f4 
Bb4+ 15.Kf1 O-O 16.c5 Nd5 17.Qf2 b6 18.a3 Bxc5 ( 18...bxc5 19.axb4 Nxb4 
20.Bc4 cxd4 21.Be7 Rfb8 22.Bxb4 Rxb4 23.Qxd4 h6 24.b3 Rb6 25.Qe5 Bd5 26.
Bxd5 exd5 27.Qxd5 c6 28.Qc4 a6 29.Rd1 Re8 30.Rd7 Re6 31.Rd8+ Kh7 32.Qd3+ 
Rg6 33.Rf8 Rb7 34.h4 h5 35.Qd8 Rg3 36.Rh8+ Kg6 37.f5+ ) 19.dxc5 bxc5 20.
Bc4 1-0

[Event "XIV American Continental"]
[Site "Sao Paulo BRA"]
[Date "2019.07.07"]
[Round "4.57"]
[White "Andrade, Roberto Luiz Costa"]
[Black "Monteiro, Marcos Paulo de Souza"]
[Result "1/2-1/2"]
[WhiteElo "2123"]
[BlackElo "1953"]
[EventDate "2019.07.05"]
[PlyCount "21"]
[EventRounds "11"]
[EventCountry "BRA"]

1.e4 c6 2.c4 d5 3.cxd5 cxd5 4.exd5 Nf6 5.Qa4+ Nbd7 6.Nc3 g6 7.Nf3 Bg7 8.
Bc4 O-O 9.d3 a6 10.O-O b5 11.Qa3 1/2-1/2

[Event "XIV American Continental"]
[Site "Sao Paulo BRA"]
[Date "2019.07.07"]
[Round "4.58"]
[White "Kruger, Israel"]
[Black "Bortoloso, Moacir Canella"]
[Result "0-1"]
[WhiteElo "1869"]
[BlackElo "2120"]
[EventDate "2019.07.05"]
[PlyCount "74"]
[EventRounds "11"]
[EventCountry "BRA"]

1.e4 c5 2.Nf3 e6 3.Nc3 Nc6 4.Bb5 Qc7 5.O-O Nge7 6.d3 a6 7.Bxc6 Nxc6 8.Ng5 
h6 9.Nh3 d6 10.f4 Bd7 11.a3 Be7 12.Bd2 Bf6 13.Rb1 Ne7 14.Qf3 Bc6 15.Ne2 g6
16.g4 Bg7 17.c3 f5 18.Ng3 O-O-O 19.g5 Rdf8 20.Qe2 Re8 21.b4 e5 22.bxc5 
dxc5 23.Qf2 Bd7 24.gxh6 Bxh6 25.Ng5 Bxg5 26.fxg5 f4 27.Ne2 Bh3 28.Rfc1 Rh5
29.Kh1 Rxg5 30.Nxf4 exf4 31.Bxf4 Rf8 32.Bxc7 Rxf2 33.Bg3 Rf7 34.d4 Bg4 35.
Re1 Rh5 36.Rb6 Nc6 37.Reb1 Bf3+ 0-1

[Event "XIV American Continental"]
[Site "Sao Paulo BRA"]
[Date "2019.07.07"]
[Round "4.59"]
[White "De Borba, Gabriel"]
[Black "Soares, Paulo Henrique dos Reis"]
[Result "1-0"]
[WhiteElo "2116"]
[BlackElo "1922"]
[EventDate "2019.07.05"]
[PlyCount "65"]
[EventRounds "11"]
[EventCountry "BRA"]

1.e4 c5 2.Nf3 d6 3.d4 cxd4 4.Nxd4 Nf6 5.Nc3 a6 6.Be2 e5 7.Nb3 Be6 8.O-O 
Be7 9.f4 Qc7 10.f5 Bc4 11.Be3 Nbd7 12.a4 b6 13.g4 h6 14.Nd2 Bxe2 15.Qxe2 
Qc6 16.Qg2 O-O-O 17.Nd5 Nxd5 18.exd5 Qb7 19.c4 Bg5 20.Bxg5 hxg5 21.Ne4 Nc5
22.Nxg5 Rh6 23.Qc2 Qe7 24.Nf3 Rdh8 25.Rae1 Qd7 26.b4 Qxa4 27.Qc3 Qb3 28.
Qd2 Qxc4 29.bxc5 Qxg4+ 30.Kh1 e4 31.cxb6 Qxf5 32.Qc2+ Kd8 33.b7 1-0

[Event "XIV American Continental"]
[Site "Sao Paulo BRA"]
[Date "2019.07.07"]
[Round "4.60"]
[White "Maia, Marco Aurelio Ferreira"]
[Black "Brito, Vicente de Paulo Alencar"]
[Result "1/2-1/2"]
[WhiteElo "2108"]
[BlackElo "1948"]
[EventDate "2019.07.05"]
[PlyCount "41"]
[EventRounds "11"]
[EventCountry "BRA"]

1.d4 Nf6 2.c4 g6 3.Nc3 Bg7 4.e4 d6 5.f3 O-O 6.Nge2 c5 7.d5 e6 8.Ng3 exd5 
9.cxd5 a6 10.a4 h5 11.Bg5 Qa5 12.Be2 Nh7 13.Bd2 h4 14.Nf1 f5 15.Ne3 f4 16.
Nc4 Qd8 17.Bd3 Nd7 18.Qe2 Ne5 19.Nxe5 Bxe5 20.a5 Ng5 21.h3 1/2-1/2

[Event "XIV American Continental"]
[Site "Sao Paulo BRA"]
[Date "2019.07.07"]
[Round "4.61"]
[White "Leite, Tarcisio Dantas Frota"]
[Black "Araujo, Sergio Murilo"]
[Result "0-1"]
[WhiteElo "1571"]
[BlackElo "2090"]
[EventDate "2019.07.05"]
[PlyCount "76"]
[EventRounds "11"]
[EventCountry "BRA"]

1.e4 d6 2.d4 Nf6 3.Nc3 g6 4.Nf3 Bg7 5.Bd3 O-O 6.h3 Nc6 7.a3 e5 8.d5 Nd4 9.
b4 c6 10.Bg5 h6 11.Bxf6 Qxf6 12.Nxd4 exd4 13.Ne2 cxd5 14.exd5 Qg5 15.h4 
Qxd5 16.O-O Qh5 17.g3 Bg4 18.Re1 Bf3 19.Qd2 Rae8 20.Nf4 Qg4 21.Rxe8 Rxe8 
22.Re1 Re5 23.Be2 Bf6 24.Bf1 Qc8 25.Bh3 Rxe1+ 26.Qxe1 Qxc2 27.Qe8+ Kg7 28.
Ne6+ fxe6 29.Qxe6 Qc6 30.Kf1 Qc1+ 31.Qe1 Qc4+ 32.Kg1 Qe2 33.Qc1 Qd1+ 34.
Qxd1 Bxd1 35.Bf1 Bc2 36.Bg2 d3 37.Kf1 d2 38.Ke2 d1=Q+ 0-1

[Event "XIV American Continental"]
[Site "Sao Paulo BRA"]
[Date "2019.07.07"]
[Round "4.62"]
[White "Cella, Glaucio Dalla Cortt"]
[Black "Brito, Luismar"]
[Result "1/2-1/2"]
[WhiteElo "1962"]
[BlackElo "2298"]
[EventDate "2019.07.05"]
[PlyCount "54"]
[EventRounds "11"]
[EventCountry "BRA"]

1.e4 c5 2.Nf3 d6 3.c3 Nf6 4.Be2 g6 5.O-O Bg7 6.Re1 O-O 7.Bf1 Bg4 8.h3 Bxf3
9.Qxf3 Nc6 10.Na3 Rb8 11.Nc2 Nd7 12.Qd1 b5 13.d4 b4 14.d5 Na5 15.Bd2 b3 
16.Ne3 Qc7 17.Nc4 bxa2 18.Rxa2 Nb3 19.Ra3 Nxd2 20.Qxd2 Ne5 21.Re2 Qb7 22.
Nxe5 Bxe5 23.Ra2 Ra8 24.b4 cxb4 25.cxb4 Rfb8 26.b5 Rc8 27.Ra1 a6 1/2-1/2

[Event "XIV American Continental"]
[Site "Sao Paulo BRA"]
[Date "2019.07.07"]
[Round "4.63"]
[White "Valim, Luiz Claudio"]
[Black "Jodorcovsky Werjivker, Paulo"]
[Result "0-1"]
[WhiteElo "1954"]
[BlackElo "2228"]
[EventDate "2019.07.05"]
[PlyCount "92"]
[EventRounds "11"]
[EventCountry "BRA"]

1.d4 d5 2.c4 e6 3.Nc3 c6 4.e3 Bd6 5.Qc2 f5 6.cxd5 exd5 7.Bd3 Nh6 8.Nge2 
O-O 9.Bd2 Nd7 10.O-O-O Nf6 11.f3 Qe7 12.h3 Re8 13.g4 Ne4 14.fxe4 fxe4 15.
Bb5 cxb5 16.Nxb5 Be6 17.Nxd6 Qxd6 18.Kb1 Nf7 19.Qb3 b6 20.Be1 Ng5 21.Bg3 
Qd7 22.Nc3 Rac8 23.Rc1 Nf3 24.Rhd1 Rc6 25.Nb5 Rec8 26.Rxc6 Rxc6 27.Nc3 Qc8
28.a3 h6 29.Qb5 Qd7 30.Qa6 Rc4 31.Nb5 Kh7 32.Bb8 Ng5 33.Rh1 Rc8 34.Bxa7 
Qf7 35.Nd6 Qf3 36.Rf1 Qxe3 37.Nxc8 Bxc8 38.Qb5 Qxh3 39.Rc1 Bxg4 40.Qxd5 
Qd3+ 41.Ka1 Be6 42.Qe5 Qb3 43.d5 Bxd5 44.Kb1 Qa2+ 45.Kc2 Nh3 46.Qc3 Bb3+ 
0-1

[Event "XIV American Continental"]
[Site "Sao Paulo BRA"]
[Date "2019.07.07"]
[Round "4.64"]
[White "Sega, Carlos Alberto"]
[Black "Carvalho Junior, Celestino"]
[Result "1-0"]
[WhiteElo "2220"]
[BlackElo "1954"]
[EventDate "2019.07.05"]
[PlyCount "91"]
[EventRounds "11"]
[EventCountry "BRA"]

1.c4 Nf6 2.Nc3 e5 3.Nf3 d6 4.d4 Nbd7 5.g3 g6 6.Bg2 Bg7 7.O-O O-O 8.h3 c6 
9.e4 Qc7 10.Re1 a6 11.a3 b6 12.Be3 Bb7 13.Rc1 c5 14.dxe5 dxe5 15.Nd2 Rfd8 
16.Nd5 Qd6 17.Qc2 h6 18.Qb1 Rab8 19.b4 Ba8 20.Red1 Kh7 21.Qb3 Rdc8 22.Nb1 
Bxd5 23.cxd5 Ne8 24.Nd2 b5 25.Nb1 c4 26.Qb2 Qe7 27.Nc3 Nd6 28.Ra1 f5 29.a4
f4 30.Bd2 fxg3 31.fxg3 Nf6 32.axb5 axb5 33.Be3 Rb7 34.Ra6 Qd7 35.Kh2 Nh5 
36.Rf1 Nf7 37.Qf2 Bf8 38.Bc5 Bg7 39.h4 g5 40.Re6 Kg8 41.Re7 Qxe7 42.Bxe7 
Rxe7 43.Qf5 Rb8 44.Qg6 Nf6 45.Rxf6 Nh8 46.Qf5 1-0

[Event "XIV American Continental"]
[Site "Sao Paulo BRA"]
[Date "2019.07.07"]
[Round "4.65"]
[White "Moccero, Eduardo"]
[Black "Fiaes, Mario Henrique Andrade"]
[Result "0-1"]
[WhiteElo "1933"]
[BlackElo "2173"]
[EventDate "2019.07.05"]
[PlyCount "92"]
[EventRounds "11"]
[EventCountry "BRA"]

1.d4 Nf6 2.Nf3 e6 3.Nbd2 c5 4.c3 d5 5.e3 Nc6 6.Bd3 Bd6 7.O-O O-O 8.dxc5 
Bxc5 9.e4 Qc7 10.Qe2 Re8 11.Bc2 dxe4 12.Nxe4 Be7 13.Bg5 Nxe4 14.Qxe4 f5 
15.Qe2 e5 16.Bb3+ Kh8 17.Bxe7 Qxe7 18.Rad1 e4 19.Nd4 Ne5 20.Rfe1 Ng4 21.f3
Nf6 22.fxe4 fxe4 23.h3 Bd7 24.Qe3 Rac8 25.Ne2 Rc5 26.Ng3 b6 27.Rd4 Re5 28.
Red1 Qc5 29.Kh1 Qc8 30.Kh2 Qc7 31.Kh1 Qc8 32.Kh2 h6 33.Rc4 Qb8 34.Kh1 Rg5 
35.Nxe4 Rge5 36.Rxd7 Nxd7 37.Bc2 Nc5 38.Qf3 Rf8 39.Qe2 Qe8 40.b4 Nxe4 41.
Rxe4 Rxe4 42.Bxe4 Qe5 43.Qd3 Qf4 44.Bf3 Re8 45.Qd1 Qg3 46.Be2 Qxc3 0-1

[Event "XIV American Continental"]
[Site "Sao Paulo BRA"]
[Date "2019.07.07"]
[Round "4.66"]
[White "Moro, Antonio Renato Pereira"]
[Black "Balzano, Ivan"]
[Result "0-1"]
[WhiteElo "1927"]
[BlackElo "2141"]
[EventDate "2019.07.05"]
[PlyCount "116"]
[EventRounds "11"]
[EventCountry "BRA"]

1.e4 e5 2.Nf3 Nf6 3.Nc3 Nc6 4.Bb5 Bb4 5.O-O O-O 6.d3 Bxc3 7.bxc3 d6 8.h3 
Ne7 9.c4 Ng6 10.Ba4 h6 11.Kh2 Qe7 12.Bd2 Nh5 13.Ng1 Nhf4 14.g3 Ne6 15.Qh5 
a5 16.c3 Nh8 17.Qe2 Nc5 18.Bc2 f5 19.f3 fxe4 20.fxe4 Bd7 21.d4 Ne6 22.Be3 
Nf7 23.Rab1 b6 24.Rf2 Rae8 25.d5 Nc5 26.Rbf1 Ng5 27.Bd2 Rxf2+ 28.Rxf2 Rf8 
29.Rxf8+ Qxf8 30.h4 Nh7 31.Nh3 Qf7 32.Kg2 Nf6 33.Nf2 Qg6 34.Qf3 Bc8 35.Be3
Ba6 36.Bxc5 bxc5 37.Bd3 Nd7 38.Nd1 Nf6 39.Ne3 Bc8 40.Nf5 Bxf5 41.exf5 Qe8 
42.Be4 Qa4 43.Qe2 Nxe4 44.Qxe4 Qxa2+ 45.Kf3 Qa1 46.Qd3 Qe1 47.f6 e4+ 48.
Qxe4 Qxe4+ 49.Kxe4 gxf6 50.g4 a4 51.Kd3 h5 52.gxh5 f5 53.h6 a3 54.Kc2 f4 
55.Kb3 f3 56.Kxa3 f2 57.Ka4 f1=Q 58.Kb5 Kh7 0-1

[Event "XIV American Continental"]
[Site "Sao Paulo BRA"]
[Date "2019.07.07"]
[Round "4.67"]
[White "Correa, Jose Augusto"]
[Black "Tomiello, Lucas Costamilan"]
[Result "0-1"]
[WhiteElo "1911"]
[BlackElo "2133"]
[EventDate "2019.07.05"]
[PlyCount "70"]
[EventRounds "11"]
[EventCountry "BRA"]

1.c4 g6 2.Nc3 Bg7 3.d4 Nf6 4.e4 d6 5.f3 O-O 6.Be3 Nc6 7.Qd2 a6 8.Nge2 Na5 
9.b3 b5 10.Nd5 Nxd5 11.cxd5 c5 12.dxc6 Nxc6 13.Rc1 Bd7 14.Bh6 e5 15.Bxg7 
Kxg7 16.d5 Ne7 17.g4 Qb6 18.h4 h6 19.Bh3 Kh7 20.g5 Bxh3 21.Rxh3 h5 22.f4 
exf4 23.Qxf4 Rae8 24.Rhc3 Kg8 25.Rc7 Qa5+ 26.Qd2 Qa3 27.Qc3 b4 28.Qf6 Nc8 
29.R1c2 Qa5 30.Nf4 Rxe4+ 31.Kd2 Qb6 32.Ne2 Qe3+ 33.Kd1 Rxh4 34.Rd2 Rh1+ 
35.Kc2 Qe4+ 0-1

[Event "XIV American Continental"]
[Site "Sao Paulo BRA"]
[Date "2019.07.07"]
[Round "4.68"]
[White "Moyses Sobrinho, Elias"]
[Black "Tomiello, Mateus Costamilan"]
[Result "0-1"]
[WhiteElo "1906"]
[BlackElo "2114"]
[EventDate "2019.07.05"]
[PlyCount "112"]
[EventRounds "11"]
[EventCountry "BRA"]

1.d4 Nf6 2.c4 g6 3.Nc3 Bg7 4.e4 d6 5.Nf3 O-O 6.Be2 e5 7.dxe5 dxe5 8.Qxd8 
Rxd8 9.Bg5 Re8 10.Nd5 Nxd5 11.cxd5 c6 12.Bc4 cxd5 13.Bxd5 Na6 14.a3 Nc5 
15.O-O Be6 16.Bxe6 Rxe6 17.Nd2 h6 18.Be3 Nd3 19.b4 f5 20.f3 Rc8 21.Nb3 b6 
22.Rfd1 Rc3 23.Nc1 Nb2 24.Rd8+ Kf7 25.Bf2 Rec6 26.Ne2 Rc2 27.Kf1 fxe4 28.
fxe4 Ke7 29.Rd5 Rc7 30.a4 R2c4 31.Ng3 Rxb4 32.a5 Na4 33.axb6 axb6 34.Be1 
Rbc4 35.Rb1 h5 36.Bd2 Bf6 37.Rb4 Ke6 38.Ke2 h4 39.Nf1 Rxb4 40.Bxb4 Rc4 41.
Rd6+ Kf7 42.Bd2 Rxe4+ 43.Be3 Rb4 44.Rc6 b5 45.Nd2 e4 46.Rc7+ Ke6 47.Rc6+ 
Kf5 48.g4+ hxg3 49.hxg3 Nc3+ 50.Kf1 Nd5 51.Rc5 Ke6 52.Bf4 Nxf4 53.gxf4 Kd6
54.Rc8 e3 55.Nf3 Rb2 56.Re8 Rf2+ 0-1

[Event "XIV American Continental"]
[Site "Sao Paulo BRA"]
[Date "2019.07.07"]
[Round "4.69"]
[White "Lo Kim Lin, Frank"]
[Black "Januario, Severino Pereira"]
[Result "1-0"]
[WhiteElo "1823"]
[BlackElo "2112"]
[EventDate "2019.07.05"]
[PlyCount "110"]
[EventRounds "11"]
[EventCountry "BRA"]

1.e4 c5 2.Nf3 e6 3.d4 cxd4 4.Nxd4 a6 5.Be3 Nf6 6.Nc3 Qc7 7.Qd2 Bb4 8.f3 d5
9.exd5 Nxd5 10.Nde2 Nxe3 11.Qxe3 O-O 12.O-O-O Nc6 13.Ne4 b5 14.N2c3 Ne7 
15.Qd4 Nc6 16.Qe3 Be7 17.f4 b4 18.Na4 Rb8 19.g4 b3 20.axb3 Nb4 21.Bc4 Bb7 
22.Rhf1 Bd5 23.Nd2 h6 24.Kb1 Rfc8 25.Rfe1 Bd6 26.Rf1 Bb7 27.c3 Nd5 28.Bxd5
exd5 29.Qd4 Bc6 30.h4 Qd7 31.Nb6 Rxb6 32.Qxb6 Bb5 33.c4 Bc6 34.Qd4 Bb7 35.
Nf3 Bc5 36.Qd3 Qxg4 37.Ne5 dxc4 38.bxc4 Qh5 39.Ka2 Bg2 40.Rfe1 f6 41.Nd7 
Bf3 42.Rc1 Bb4 43.Rg1 Kh8 44.f5 Bc6 45.Qg3 Qf7 46.Nb6 Rg8 47.Rge1 Qb7 48.
Nd5 Bc5 49.Nf4 Rb8 50.Qc3 Be4 51.Red1 Bb4 52.Qd4 Bc5 53.Ng6+ Kh7 54.Qc3 
Bb4 55.Qg3 Bc6 1-0